All Fortnite FNCS Champions - NAE - Statistics

General Stats
  • This quiz has been taken 447 times
    374 since last reset
  • The average score is 17 of 38
Answer Stats
FNCS PLAYER TITLE # % Correct
SEASON 18 (TRIO) Bugha 1
91%
SEASON 18 (TRIO GRAND ROYALE) Bugha 2
91%
SEASON 19 (DUO) Bugha 3
91%
SEASON 14 (TRIO) Mero 1
75%
SEASON 16 (TRIO) Mero 2
75%
SEASON 18 (TRIO) Mero 3
75%
SEASON 18 (TRIO GRAND ROYALE) Mero 4
75%
SEASON 19 (DUO) Mero 5
75%
SEASON 20 (DUO) Peterbot 1
68%
SEASON 11 (SQUAD) Ronaldo 1
55%
SEASON 15 (TRIO) Acorn 1
52%
SEASON 23 (DUO) Acorn 2
52%
SEASON 23 (DUO) Cold 1
52%
SEASON 18 (TRIO) Muz 3
49%
SEASON 13 (SOLO) Coop 1
47%
SEASON 11 (SQUAD) UnknownArmy 1
44%
SEASON 18 (TRIOGRAND ROYALE) Dukez 2
42%
SEASON 17 (TRIO) Dukez 1
41%
SEASON 14 (TRIO) Deyy 1
40%
SEASON 16 (TRIO) Deyy 2
40%
SEASON 16 (TRIO) Reverse 2
38%
SEASON 14 (TRIO) Reverse2k 1
38%
SEASON 20 (DUO) Bylah 1
34%
SEASON 11 (SQUAD) Avery 1
30%
SEASON 21 (DUO) Avery 2
30%
SEASON X (TRIO) ZexRow 1
30%
SEASON X (TRIO) Mackwood 1
29%
SEASON 12 (DUO) Zayt 1
28%
SEASON 12 (DUO) Saf 1
26%
SEASON 21 (DUO) Commandment 1
25%
SEASON X (TRIO) Calculator 1
23%
SEASON 15 (TRIO) Jahq 1
22%
SEASON 11 (SQUAD) KezKD 1
21%
SEASON 15 (TRIO) Slackes 1
21%
SEASON 17 (SOLOALL STAR) PaMstou 1
19%
SEASON 12 (SOLOINVITATIONAL) Furious 1
17%
SEASON 17 (TRIO) Justice 1
16%
SEASON 17 (TRIO) Userz 1
16%
No matching quizzes found
Score Distribution
Percent of People with Each Score
Percentile by Number Answered
Your Score History
You have not taken this quiz since the last reset